Movies Quiz

Random Movies or Actress Quiz
Score 0/10 Timer 01:30
0 Plays Today
Question Answer Wrong Answers
Harry Potter and the Sorcerer's Stone Robert Pattinson
78.7%
Daniel Radcliffe
0%
Maggie Smith
0%
Richard Harris
14.9%
The Hours Amy Adams
70.2%
Nicole Kidman
6.4%
Julianne Moore
12.8%
Meryl Streep
10.6%
Hot Tub Time Machine John Cho
70.2%
Craig Robinson
8.5%
Rob Corddry
8.5%
John Cusack
12.8%
Happy Gilmore Steve Buscemi
63.8%
Adam Sandler
0%
Christopher McDonald
8.5%
Julie Bowen
21.3%
The Hurt Locker Jessica Chastain
57.4%
Jeremy Renner
4.3%
Anthony Mackie
8.5%
Evangeline Lilly
29.8%
How to Train Your Dragon Michael Cera
55.3%
Jay Baruchel
4.3%
Gerard Butler
12.8%
Jonah Hill
23.4%
Hugo Max von Sydow
51.1%
Sacha Baron Cohen
25.5%
Chloƫ Grace Moretz
14.9%
Ben Kingsley
8.5%
High Fidelity Minnie Driver
48.9%
John Cusack
0%
Jack Black
17%
Catherine Zeta-Jones
34%
The Hobbit: An Unexpected Journey Orlando Bloom
38.3%
Ian McKellen
2.1%
Martin Freeman
8.5%
Elijah Wood
46.8%
Hard Eight Don Cheadle
36.2%
John C. Reilly
19.1%
Samuel L. Jackson
8.5%
Gwyneth Paltrow
29.8%
Remove Ads.
Support Sporcle.
Get the best of Sporcle when you Go Orange. This ad-free experience offers more features, more stats, and more fun while also helping to support Sporcle. Thank you for becoming a member.

You're not logged in!

Compare scores with friends on all Sporcle quizzes.
OR
Log In

Sporcle TV

Today on Sporcle TV


Watch our educational content, quiz creation guides, and fun videos on Sporcle TV.

Show Comments

Extras

Created May 14, 2020ReportNominate
Tags:Actor Quiz, Actress Quiz

Top Quizzes Today


Score Distribution

Paid Content

Your Account Isn't Verified!

In order to create a playlist on Sporcle, you need to verify the email address you used during registration. Go to your Sporcle Settings to finish the process.

Report this User

Report this user for behavior that violates our Community Guidelines.

Details: